<?xml version="1.0" encoding="UTF-8"?>
<record
    xmlns:xsi="http://www.w3.org/2001/XMLSchema-instance"
    xsi:schemaLocation="http://www.loc.gov/MARC21/slim http://www.loc.gov/standards/marcxml/schema/MARC21slim.xsd"
    xmlns="http://www.loc.gov/MARC21/slim">

  <leader>00349nam a2200109   4500</leader>
  <datafield tag="245" ind1=" " ind2=" ">
    <subfield code="a">Outlines of a formalist philosophy of mathematics</subfield>
    <subfield code="c">Haskell B. Curry</subfield>
  </datafield>
  <datafield tag="100" ind1=" " ind2=" ">
    <subfield code="a">Curry, Haskell B.</subfield>
  </datafield>
  <datafield tag="260" ind1=" " ind2=" ">
    <subfield code="a">Amsterdam</subfield>
    <subfield code="b">North-Holland </subfield>
    <subfield code="c">1958</subfield>
  </datafield>
  <datafield tag="300" ind1=" " ind2=" ">
    <subfield code="a">vii, 75p.;  22cm.-</subfield>
  </datafield>
  <datafield tag="490" ind1=" " ind2=" ">
    <subfield code="a">Studies in logic and the foundations of mathematics</subfield>
  </datafield>
  <datafield tag="082" ind1=" " ind2=" ">
    <subfield code="a">162</subfield>
    <subfield code="b">CUR</subfield>
  </datafield>
  <datafield tag="952" ind1=" " ind2=" ">
    <subfield code="0">0</subfield>
    <subfield code="1">0</subfield>
    <subfield code="4">0</subfield>
    <subfield code="7">0</subfield>
    <subfield code="8">REL</subfield>
    <subfield code="a">NEHU</subfield>
    <subfield code="b">NEHU</subfield>
    <subfield code="d">2011-11-24</subfield>
    <subfield code="l">0</subfield>
    <subfield code="o">162 CUR</subfield>
    <subfield code="p">10452</subfield>
    <subfield code="r">2011-11-24 00:00:00</subfield>
    <subfield code="w">2011-11-24</subfield>
    <subfield code="y">BK</subfield>
  </datafield>
  <datafield tag="999" ind1=" " ind2=" ">
    <subfield code="c">15726</subfield>
    <subfield code="d">15726</subfield>
  </datafield>
</record>
